000 00419nam a2200181Ia 4500
001 9687
005 20260306161736.0
008 260306t1994||||xx |||||||||||||| ||spa||
041 _aESP
082 _a394.26985
_bD75
100 _aDiez Hurtado, Alejandro
_eAUT
245 0 _aFiestas y cofradías
260 _c1994
300 _a226 páginas :
_ccm.
650 _aGEN
654 _aCHU
942 _cLIB
_dJUS
_fJUS
_2ddc
_n
999 _c9687
_d9687